Premier League Most Matches Per Club (2000-) - Statistics

General Stats
  • This quiz has been taken 42 times
  • The average score is 203 of 472
Answer Stats
Club Rank Player Positions Nationality Matches Goals (assists) % Correct
Wolverhampton Wanderers 6 José Sá GK 137 0 (1)
97%
Arsenal FC 10 Robin van Persie ST 194 96 (44)
94%
Arsenal FC 4 Thierry Henry ST 227 158 (65)
94%
Arsenal FC 2 Aaron Ramsey CM 262 40 (47)
91%
Arsenal FC 9 Bukayo Saka RW 195 53 (51)
91%
Arsenal FC 8 Cesc Fàbregas CM 212 35 (76)
91%
Arsenal FC 5 Granit Xhaka DM 225 17 (24)
91%
Arsenal FC 5 Kolo Touré CB 225 9 (8)
91%
Chelsea FC 4 Petr Cech GK 333 0 (2)
91%
Manchester City 10 Yaya Touré CM 230 60 (31)
91%
Chelsea FC 10 Ashley Cole LB 228 7 (20)
88%
Chelsea FC 3 César Azpilicueta CB 349 10 (36)
88%
Chelsea FC 6 Didier Drogba ST 254 104 (59)
88%
Chelsea FC 8 Eden Hazard LW 245 85 (57)
88%
Chelsea FC 2 Frank Lampard CM 429 147 (98)
88%
Chelsea FC 1 John Terry CB 486 41 (16)
88%
Aston Villa 8 Ollie Watkins ST 184 75 (36)
88%
Manchester United 3 Ryan Giggs LM 382 54 (107)
88%
Chelsea FC 9 Willian LW 234 37 (35)
88%
West Ham United 4 Carlton Cole ST 216 40 (22)
85%
Leicester City 1 Jamie Vardy ST 342 145 (50)
85%
AFC Bournemouth 4 Joshua King ST 161 48 (14)
85%
Leicester City 2 Kasper Schmeichel GK 276 0 (0)
85%
Manchester City 2 Kevin De Bruyne AM 285 72 (120)
85%
Tottenham Hotspur 7 Ledley King CB 264 10 (8)
85%
Liverpool FC 4 Mohamed Salah RW 288 184 (87)
85%
Manchester United 4 Paul Scholes CM 339 66 (37)
85%
Liverpool FC 5 Pepe Reina GK 285 0 (4)
85%
Liverpool FC 1 Steven Gerrard CM 463 120 (96)
85%
Swansea City 7 Sung-yueng Ki DM 139 12 (7)
85%
Everton FC 2 Tim Howard GK 354 1 (2)
85%
Hull City 9 Andrew Robertson LB 57 1 (4)
82%
Liverpool FC 9 Andrew Robertson LB 251 10 (56)
82%
Manchester City 5 Bernardo Silva AM 266 43 (47)
82%
Chelsea FC 5 Branislav Ivanovic RB 261 22 (23)
82%
Burnley FC 9 Chris Wood ST 144 49 (7)
82%
Nottingham Forest 4 Chris Wood ST 74 35 (4)
82%
Manchester United 1 David de Gea GK 415 0 (1)
82%
Manchester City 1 David Silva AM 309 60 (101)
82%
Manchester City 3 Ederson GK 276 0 (7)
82%
Manchester City 8 Fernandinho DM 264 20 (21)
82%
Bolton Wanderers 9 Gary Cahill CB 130 13 (7)
82%
Tottenham Hotspur 3 Harry Kane ST 317 213 (49)
82%
Tottenham Hotspur 2 Heung-min Son LW 333 127 (77)
82%
Tottenham Hotspur 1 Hugo Lloris GK 361 0 (0)
82%
Liverpool FC 2 Jamie Carragher CB 416 1 (12)
82%
Blackburn Rovers 10 Jason Roberts ST 134 24 (19)
82%
Tottenham Hotspur 4 Jermain Defoe ST 276 91 (16)
82%
Manchester City 5 Joe Hart GK 266 0 (0)
82%
Chelsea FC 7 John Obi Mikel DM 249 1 (10)
82%
Liverpool FC 3 Jordan Henderson DM 360 29 (45)
82%
Arsenal FC 3 Laurent Koscielny CB 255 22 (2)
82%
Manchester City 10 Pablo Zabaleta RB 230 9 (18)
82%
Manchester United 8 Patrice Evra LB 273 7 (22)
82%
Manchester United 6 Rio Ferdinand CB 312 7 (4)
82%
Leicester City 10 Riyad Mahrez RW 139 39 (26)
82%
Liverpool FC 8 Roberto Firmino ST 256 82 (51)
82%
Norwich City 1 Russell Martin CB 125 8 (1)
82%
Manchester City 4 Sergio Agüero ST 275 184 (48)
82%
Arsenal FC 1 Theo Walcott RW 270 65 (42)
82%
Everton FC 10 Tim Cahill AM 226 56 (23)
82%
Liverpool FC 7 Trent Alexander-Arnold RB 259 18 (67)
82%
Manchester City 7 Vincent Kompany CB 265 18 (8)
82%
Manchester United 10 Antonio Valencia RB 241 17 (42)
79%
Tottenham Hotspur 8 Ben Davies CB 242 7 (19)
79%
Aston Villa 9 Emiliano Martínez GK 181 0 (0)
79%
Aston Villa 2 Gareth Barry DM 301 38 (38)
79%
Manchester United 9 John O'Shea CB 257 10 (16)
79%
Sunderland AFC 1 John O'Shea CB 189 3 (2)
79%
Bolton Wanderers 2 Kevin Davies ST 316 67 (42)
79%
Swansea City 5 Lukasz Fabianski GK 149 0 (1)
79%
West Ham United 7 Lukasz Fabianski GK 195 0 (0)
79%
Manchester United 7 Marcus Rashford LW 287 87 (49)
79%
Manchester United 5 Michael Carrick DM 316 17 (24)
79%
Fulham FC 10 Simon Davies RM 137 13 (21)
79%
Manchester United 2 Wayne Rooney ST 393 183 (101)
79%
Crystal Palace 2 Wilfried Zaha LW 291 68 (30)
79%
AFC Bournemouth 1 Adam Smith RB 233 5 (14)
76%
Leeds United 2 Alan Smith CM 124 27 (11)
76%
Arsenal FC 7 Bacary Sagna RB 213 4 (17)
76%
Brentford FC 2 Bryan Mbeumo RW 136 42 (30)
76%
AFC Bournemouth 8 Callum Wilson ST 126 41 (14)
76%
Crystal Palace 10 Christian Benteke ST 162 35 (12)
76%
Hull City 4 Curtis Davies CB 84 2 (3)
76%
Stoke City 10 Marc Wilson CB 146 1 (2)
76%
Tottenham Hotspur 9 Robbie Keane ST 238 91 (29)
76%
Liverpool FC 6 Sami Hyypiä CB 280 20 (9)
76%
Everton FC 1 Séamus Coleman RB 369 22 (26)
76%
Leicester City 5 Wes Morgan CB 170 8 (2)
76%
Leicester City 7 Youri Tielemans CM 151 21 (21)
76%
Burnley FC 2 Ashley Barnes ST 200 42 (6)
73%
Bradford City 2 Ashley Ward ST 33 4 (3)
73%
Brighton & Hove Albion 5 Danny Welbeck ST 139 33 (16)
73%
Leicester City 9 Harvey Barnes LW 146 35 (25)
73%
Brentford FC 10 Ivan Toney ST 83 36 (11)
73%
Crystal Palace 1 Joel Ward RB 306 5 (7)
73%
West Ham United 3 Michail Antonio ST 268 68 (36)
73%
Brighton & Hove Albion 2 Pascal Groß CM 228 30 (46)
73%
Stoke City 4 Peter Crouch ST 202 44 (19)
73%
Leicester City 4 Wilfred Ndidi DM 220 7 (14)
73%
Brentford FC 1 Yoane Wissa ST 137 45 (13)
73%
Swansea City 2 Ashley Williams CB 181 4 (2)
70%
Fulham FC 3 Clint Dempsey CF 189 50 (16)
70%
Swansea City 9 Gylfi Sigurdsson AM 124 34 (30)
70%
Leicester City 6 James Maddison AM 163 43 (34)
70%
Southampton FC 1 James Ward-Prowse CM 343 49 (38)
70%
Crystal Palace 5 Jordan Ayew RW 195 22 (20)
70%
Everton FC 6 Jordan Pickford GK 293 0 (2)
70%
Leicester City 8 Kelechi Iheanacho ST 150 30 (23)
70%
Brighton & Hove Albion 8 Leandro Trossard LW 116 25 (15)
70%
Brighton & Hove Albion 1 Lewis Dunk CB 266 16 (6)
70%
Liverpool FC 10 Lucas Leiva DM 247 1 (14)
70%
Newcastle United 7 Miguel Almirón RW 186 23 (6)
70%
Nottingham Forest 3 Neco Williams RB 92 2 (4)
70%
Coventry City 6 Paul Williams CB 30 0 (0)
70%
Wolverhampton Wanderers 7 Raúl Jiménez ST 135 40 (18)
70%
Norwich City 9 Teemu Pukki ST 73 22 (6)
70%
Newcastle United 6 Alan Shearer ST 188 84 (20)
67%
Stoke City 7 Asmir Begovic GK 160 1 (0)
67%
Brentford FC 5 Christian Nørgaard DM 122 11 (13)
67%
Aston Villa 10 Douglas Luiz CM 175 20 (18)
67%
Tottenham Hotspur 5 Eric Dier CB 274 12 (9)
67%
Newcastle United 4 Fabian Schär CB 195 18 (9)
67%
Newcastle United 8 Joelinton CM 185 22 (14)
67%
Brighton & Hove Albion 4 Joël Veltman RB 141 4 (4)
67%
Aston Villa 5 John McGinn CM 203 17 (25)
67%
Leicester City 3 Marc Albrighton RM 224 13 (35)
67%
West Ham United 1 Mark Noble CM 414 47 (40)
67%
Brighton & Hove Albion 7 Mathew Ryan GK 121 0 (0)
67%
Wolverhampton Wanderers 1 Rúben Neves DM 177 21 (9)
67%
Wolverhampton Wanderers 4 Adama Traoré RW 157 10 (14)
64%
Nottingham Forest 4 Anthony Elanga RW 74 11 (20)
64%
Queens Park Rangers 3 Armand Traoré LB 65 0 (3)
64%
Blackpool FC 2 Charlie Adam CM 35 12 (8)
64%
Everton FC 9 Dominic Calvert-Lewin ST 239 57 (18)
64%
Wolverhampton Wanderers 2 João Moutinho CM 175 5 (18)
64%
Nottingham Forest 1 Morgan Gibbs-White AM 106 17 (28)
64%
AFC Bournemouth 10 Nathan Aké CB 115 11 (6)
64%
Wolverhampton Wanderers 7 Rayan Aït-Nouri LB 135 9 (15)
64%
Reading FC 8 Shane Long ST 50 5 (3)
64%
Southampton FC 4 Shane Long ST 198 28 (17)
64%
Brentford FC 2 Vitaly Janelt DM 136 9 (8)
64%
Sunderland AFC 6 Adam Johnson RW 122 19 (18)
61%
Norwich City 5 Bradley Johnson CM 101 6 (8)
61%
Birmingham City 1 Damien Johnson CM 150 2 (6)
61%
Aston Villa 6 Ezri Konsa CB 197 8 (3)
61%
Leeds United 5 Illan Meslier GK 107 0 (0)
61%
Everton FC 4 Leighton Baines LB 348 29 (55)
61%
AFC Bournemouth 2 Lewis Cook CM 172 1 (11)
61%
Southampton FC 9 Maya Yoshida CB 154 6 (3)
61%
Brentford FC 8 Mikkel Damsgaard AM 87 2 (14)
61%
Burnley FC 10 Nick Pope GK 141 0 (0)
61%
Southampton FC 2 Oriol Romeu DM 217 7 (4)
61%
Stoke City 9 Robert Huth CB 149 13 (7)
61%
Derby County 9 Seth Johnson CM 36 1 (3)
61%
Newcastle United 2 Shay Given GK 285 0 (1)
61%
AFC Bournemouth 3 Steve Cook CB 168 10 (4)
61%
Nottingham Forest 6 Taiwo Awoniyi ST 73 17 (4)
61%
West Ham United 8 Tomáš Souček DM 194 36 (9)
61%
West Ham United 6 Angelo Ogbonna CB 201 8 (1)
58%
Aston Villa 4 Ashley Young RB 210 30 (39)
58%
Blackburn Rovers 1 Brad Friedel GK 261 1 (0)
58%
Fulham FC 6 Danny Murphy CM 169 17 (17)
58%
Brentford FC 6 Ethan Pinnock CB 113 8 (1)
58%
Newcastle United 8 Jacob Murphy RW 185 19 (29)
58%
Wigan Athletic 5 James McCarthy CM 115 7 (7)
58%
Burnley FC 3 James Tarkowski CB 194 7 (5)
58%
Crystal Palace 6 Luka Milivojevic DM 183 28 (5)
58%
Charlton Athletic 1 Luke Young RB 187 4 (3)
58%
Leeds United 1 Mark Viduka ST 130 59 (8)
58%
Wolverhampton Wanderers 7 Matt Doherty RB 135 11 (9)
58%
Everton FC 5 Phil Jagielka CB 322 14 (7)
58%
AFC Bournemouth 9 Ryan Fraser LW 120 16 (26)
58%
Portsmouth FC 6 Sean Davis DM 102 3 (8)
58%
Southampton FC 6 Steven Davis CM 193 12 (18)
58%
Brighton & Hove Albion 9 Yves Bissouma DM 112 3 (2)
58%
Crystal Palace 8 Andros Townsend RW 168 13 (21)
55%
Luton Town 8 Andros Townsend RW 27 1 (3)
55%
Watford FC 4 Ben Foster GK 131 0 (1)
55%
West Bromwich Albion 3 Ben Foster GK 209 0 (0)
55%
Burnley FC 1 Ben Mee CB 217 9 (4)
55%
Swansea City 10 Federico Fernández CB 117 2 (4)
55%
Newcastle United 10 Jamaal Lascelles CB 175 10 (1)
55%
Southampton FC 7 Jan Bednarek CB 181 9 (3)
55%
West Ham United 9 Jarrod Bowen RW 193 56 (43)
55%
Crystal Palace 4 Jeffrey Schlupp LM 220 18 (13)
55%
Burnley FC 4 Jóhann Berg Gudmundsson RW 162 10 (21)
55%
Southampton FC 9 José Fonte CB 154 7 (2)
55%
Brentford FC 9 Kristoffer Ajer CB 85 3 (3)
55%
Fulham FC 4 Mark Schwarzer GK 172 0 (0)
55%
Middlesbrough FC 1 Mark Schwarzer GK 254 0 (0)
55%
Brentford FC 4 Mathias Jensen CM 124 8 (13)
55%
Nottingham Forest 7 Murillo CB 68 2 (2)
55%
Nottingham Forest 10 Ola Aina RB 57 3 (2)
55%
Everton FC 8 Phil Neville RB 242 4 (12)
55%
Brighton & Hove Albion 3 Solly March RW 190 14 (20)
55%
Luton Town 4 Tahith Chong AM 33 4 (0)
55%
Watford FC 1 Troy Deeney ST 165 47 (21)
55%
Crystal Palace 7 Tyrick Mitchell LB 169 3 (13)
55%
Tottenham Hotspur 6 Aaron Lennon RW 266 26 (51)
52%
Luton Town 1 Carlton Morris ST 38 11 (5)
52%
Wolverhampton Wanderers 5 Conor Coady CB 151 5 (0)
52%
Blackburn Rovers 5 David Dunn AM 190 30 (12)
52%
Blackpool FC 4 DJ Campbell ST 31 13 (1)
52%
Cardiff City 5 Fraizer Campbell ST 37 6 (3)
52%
Aston Villa 1 Gabriel Agbonlahor ST 322 73 (37)
52%
West Ham United 10 James Collins CB 188 6 (2)
52%
Crystal Palace 3 James McArthur CM 240 17 (22)
52%
Ipswich Town 4 Jermaine Wright CM 66 3 (1)
52%
Derby County 10 Lee Morris ST 35 4 (1)
52%
Coventry City 10 Richard Shaw CB 24 0 (0)
52%
Portsmouth FC 9 Sol Campbell CB 95 2 (2)
52%
West Ham United 2 Aaron Cresswell LB 312 10 (30)
48%
Fulham FC 2 Aaron Hughes CB 196 1 (1)
48%
Huddersfield Town 3 Aaron Mooy CM 65 7 (4)
48%
West Ham United 5 Declan Rice CM 204 10 (10)
48%
Wolverhampton Wanderers 3 Nélson Semedo RB 165 1 (9)
48%
Nottingham Forest 8 Nicolás Domínguez CM 60 2 (3)
48%
Portsmouth FC 3 Richard Hughes DM 114 0 (0)
48%
Luton Town 5 Ross Barkley CM 32 5 (5)
48%
West Bromwich Albion 10 Salomón Rondón ST 108 24 (7)
48%
Brighton & Hove Albion 10 Shane Duffy CB 109 7 (3)
48%
Brighton & Hove Albion 6 Adam Webster CB 138 6 (1)
45%
Hull City 7 Andy Dawson LB 60 2 (3)
45%
Nottingham Forest 8 Callum Hudson-Odoi LW 60 13 (5)
45%
West Bromwich Albion 8 Craig Dawson CB 153 12 (3)
45%
Watford FC 10 Heurelho Gomes GK 100 0 (0)
45%
Bolton Wanderers 1 Jussi Jääskeläinen GK 379 0 (2)
45%
Wolverhampton Wanderers 10 Maximilian Kilman CB 127 3 (1)
45%
Tottenham Hotspur 10 Michael Dawson CB 236 7 (5)
45%
Sheffield United 3 Oli McBurnie ST 80 13 (5)
45%
Manchester City 9 Richard Dunne CB 253 6 (0)
45%
Luton Town 1 Thomas Kaminski GK 38 0 (0)
45%
Queens Park Rangers 3 Adel Taarabt CM 65 7 (9)
42%
Burnley FC 6 Charlie Taylor LB 161 1 (7)
42%
Portsmouth FC 2 David James GK 134 0 (0)
42%
Newcastle United 3 Fabricio Coloccini CB 211 4 (1)
42%
Birmingham City 2 Maik Taylor GK 142 0 (0)
42%
Portsmouth FC 1 Matthew Taylor LM 144 16 (14)
42%
Sunderland AFC 8 Michael Gray LB 103 2 (3)
42%
Swansea City 8 Neil Taylor LB 131 0 (5)
42%
Blackburn Rovers 9 Paul Robinson GK 140 0 (3)
42%
Leeds United 10 Paul Robinson GK 90 0 (0)
42%
Southampton FC 3 Ryan Bertrand LB 214 7 (15)
42%
Stoke City 1 Ryan Shawcross CB 317 14 (10)
42%
Birmingham City 5 Sebastian Larsson CM 103 14 (12)
42%
Sunderland AFC 2 Sebastian Larsson CM 176 12 (14)
42%
Cardiff City 2 Steven Caulker CB 38 5 (0)
42%
Newcastle United 5 Steven Taylor CB 194 12 (7)
42%
Middlesbrough FC 2 Stewart Downing LM 211 18 (27)
42%
Watford FC 5 Abdoulaye Doucouré AM 129 17 (12)
39%
Luton Town 8 Elijah Adebayo ST 27 10 (0)
39%
Burnley FC 8 Jack Cork DM 156 5 (6)
39%
Nottingham Forest 2 Ryan Yates CM 96 3 (4)
39%
Aston Villa 7 Stiliyan Petrov CM 185 9 (11)
39%
Sheffield United 6 Enda Stevens LB 68 2 (5)
36%
Stoke City 5 Erik Pieters LB 169 1 (7)
36%
Sheffield United 2 George Baldock RB 83 2 (8)
36%
Wigan Athletic 10 Jordi Gómez CM 96 10 (3)
36%
Watford FC 7 Christian Kabasele CB 108 4 (2)
33%
Huddersfield Town 1 Christopher Schindler CB 74 1 (1)
33%
Leeds United 7 Gary Kelly RB 106 0 (3)
33%
Bradford City 6 Ian Nolan RB 21 0 (0)
33%
Cardiff City 10 Junior Hoilett LW 32 3 (1)
33%
Queens Park Rangers 10 Junior Hoilett LW 48 1 (2)
33%
Bolton Wanderers 3 Kevin Nolan AM 261 39 (9)
33%
Sunderland AFC 8 Kevin Phillips ST 103 31 (3)
33%
Blackpool FC 10 Matt Phillips RW 27 2 (3)
33%
Swansea City 4 Nathan Dyer RW 163 17 (10)
33%
Southampton FC 5 Nathan Redmond RW 195 21 (20)
33%
Newcastle United 1 Shola Ameobi ST 295 43 (30)
33%
Wigan Athletic 7 Ali Al-Habsi GK 101 0 (1)
30%
Fulham FC 1 Brede Hangeland CB 217 8 (3)
30%
Coventry City 1 Craig Bellamy LW 34 6 (0)
30%
Leeds United 5 Jack Harrison RW, LW 107 21 (16)
30%
Huddersfield Town 2 Jonas Lössl GK 69 0 (2)
30%
Stoke City 3 Jonathan Walters RW 226 43 (20)
30%
Sunderland AFC 5 Kieran Richardson LB 134 14 (10)
30%
Brentford FC 7 Mads Roerslev RB 94 2 (5)
30%
Portsmouth FC 7 Nwankwo Kanu ST 100 17 (8)
30%
Watford FC 9 Roberto Pereyra CM 106 16 (6)
30%
Crystal Palace 9 Scott Dann CB 164 13 (7)
30%
Huddersfield Town 5 Steve Mounié ST 59 9 (4)
30%
Everton FC 7 Tony Hibbert RB 265 0 (9)
30%
Swansea City 1 Wayne Routledge LW 198 16 (16)
30%
Hull City 1 Ahmed El Mohamady RB 109 4 (9)
27%
Swansea City 3 Ángel Rangel RB 169 4 (4)
27%
Burnley FC 4 Ashley Westwood DM 162 7 (20)
27%
Luton Town 6 Chiedozie Ogbene RW 30 4 (3)
27%
Blackpool FC 8 Craig Cathcart CB 30 1 (0)
27%
Watford FC 3 Craig Cathcart CB 153 4 (2)
27%
Sheffield United 8 David McGoldrick ST 63 10 (3)
27%
Watford FC 2 Étienne Capoue DM 156 9 (8)
27%
Cardiff City 8 Gary Medel CB 34 0 (1)
27%
Stoke City 6 Geoff Cameron CB 168 2 (4)
27%
West Bromwich Albion 2 James Morrison CM 244 29 (26)
27%
Everton FC 3 Leon Osman CM 352 44 (26)
27%
Norwich City 10 Max Aarons RB 70 0 (4)
27%
Cardiff City 2 Neil Etheridge GK 38 0 (0)
27%
Aston Villa 3 Olof Mellberg CB 232 8 (4)
27%
Cardiff City 8 Sean Morrison CB 34 1 (3)
27%
Ipswich Town 9 Alun Armstrong ST 52 11 (1)
24%
Cardiff City 1 Aron Gunnarsson DM 51 2 (3)
24%
Middlesbrough FC 9 Colin Cooper LB 100 4 (0)
24%
Cardiff City 5 David Marshall GK 37 0 (0)
24%
Portsmouth FC 7 Gary O'Neil CM 100 11 (6)
24%
Middlesbrough FC 3 George Boateng DM 181 7 (7)
24%
Stoke City 2 Glenn Whelan DM 276 4 (14)
24%
Wigan Athletic 6 Hugo Rodallega ST 111 24 (12)
24%
Queens Park Rangers 7 Joey Barton CM 59 4 (6)
24%
Sheffield United 5 John Egan CB 73 2 (1)
24%
West Bromwich Albion 5 Jonas Olsson CB 201 8 (6)
24%
Aston Villa 10 Juan Pablo Ángel ST 175 44 (9)
24%
Watford FC 8 Kiko Femenía RB 107 2 (7)
24%
Leeds United 9 Luke Ayling RB 93 4 (3)
24%
Derby County 1 Malcolm Christie ST 69 17 (1)
24%
Burnley FC 7 Matthew Lowton RB 159 2 (9)
24%
Sheffield United 1 Oliver Norwood CM 97 2 (1)
24%
Sunderland AFC 3 Phil Bardsley RB 174 7 (2)
24%
Queens Park Rangers 8 Shaun Wright-Phillips RW 56 1 (5)
24%
Watford FC 10 Adrian Mariappa CB 100 0 (0)
21%
Queens Park Rangers 2 Bobby Zamora ST 66 9 (5)
21%
Cardiff City 2 Bruno Ecuele Manga CB 38 0 (1)
21%
AFC Bournemouth 5 Dan Gosling CM 138 12 (4)
21%
Middlesbrough FC 4 Gareth Southgate CB 160 4 (4)
21%
Bolton Wanderers 7 Henrik Pedersen ST 143 22 (6)
21%
Sheffield United 9 John Lundstram DM 62 5 (5)
21%
Reading FC 6 Kevin Doyle ST 68 19 (5)
21%
Huddersfield Town 7 Laurent Depoitre ST 56 6 (2)
21%
Sunderland AFC 4 Lee Cattermole DM 170 2 (3)
21%
Birmingham City 4 Matthew Upson CB 104 3 (2)
21%
Blackburn Rovers 2 Morten Gamst Pedersen CM 259 34 (40)
21%
Luton Town 8 Pelly Ruddock Mpanzu DM 27 0 (0)
21%
Queens Park Rangers 9 Rob Green GK 52 0 (0)
21%
Fulham FC 4 Steed Malbranque CM 172 32 (20)
21%
Sunderland AFC 10 Steed Malbranque CM 102 1 (16)
21%
Norwich City 3 Wes Hoolahan AM 112 12 (19)
21%
Luton Town 3 Alfie Doughty LM 37 2 (8)
18%
Coventry City 8 Barry Quinn RB 25 0 (1)
18%
Birmingham City 7 Cameron Jerome ST 99 20 (13)
18%
AFC Bournemouth 7 Charlie Daniels LB 129 9 (11)
18%
Blackburn Rovers 8 Christopher Samba CB 161 16 (7)
18%
Hull City 5 David Meyler CM 78 4 (2)
18%
Bolton Wanderers 9 Fabrice Muamba CM 130 3 (3)
18%
Norwich City 10 Grant Holt ST 70 23 (5)
18%
Leeds United 3 Ian Harte LB 115 16 (10)
18%
Bolton Wanderers 5 Iván Campo DM 172 13 (8)
18%
Norwich City 2 John Ruddy GK 116 0 (0)
18%
Fulham FC 7 Luís Boa Morte LM 166 26 (21)
18%
Derby County 6 Mart Poom GK 48 0 (0)
18%
Wigan Athletic 2 Maynor Figueroa LB 179 4 (5)
18%
Birmingham City 9 Mikael Forssell ST 93 29 (4)
18%
Norwich City 7 Sébastien Bassong CB 93 4 (2)
18%
AFC Bournemouth 6 Simon Francis RB 136 0 (8)
18%
West Bromwich Albion 7 Youssouf Mulumbu DM 157 11 (9)
18%
Huddersfield Town 4 Zanka CB 62 3 (3)
18%
Norwich City 5 Alexander Tettey DM 101 4 (1)
15%
Fulham FC 9 Brian McBride ST 140 32 (3)
15%
Sheffield United 4 Chris Basham CB 77 0 (2)
15%
West Bromwich Albion 1 Chris Brunt CM 269 25 (51)
15%
West Bromwich Albion 6 Claudio Yacob DM 160 1 (1)
15%
Queens Park Rangers 1 Clint Hill CB 72 1 (3)
15%
Derby County 3 Danny Higginbotham CB 63 1 (1)
15%
Sunderland AFC 7 Jack Colback DM 114 4 (3)
15%
Hull City 3 Jake Livermore DM 92 5 (6)
15%
Watford FC 6 Jose Cholevas LB 114 6 (14)
15%
Swansea City 5 Leon Britton CM 149 0 (1)
15%
Bolton Wanderers 4 Ricardo Gardner LB 251 10 (9)
15%
Bolton Wanderers 8 Stelios Giannakopoulos RW 137 20 (8)
15%
Hull City 2 Tom Huddlestone DM 98 3 (5)
15%
Cardiff City 10 Víctor Camarasa CM 32 5 (4)
15%
Blackburn Rovers 3 Brett Emerton RM 247 13 (29)
12%
Leeds United 3 Dominic Matteo LB 115 2 (2)
12%
Leeds United 8 Eirik Bakke CM 100 6 (2)
12%
Wigan Athletic 1 Emmerson Boyce RB 194 11 (5)
12%
West Bromwich Albion 4 Gareth McAuley CB 203 15 (4)
12%
Wigan Athletic 8 Gary Caldwell CB 100 6 (2)
12%
Blackpool FC 4 Gary Taylor-Fletcher RW 31 5 (5)
12%
Queens Park Rangers 6 Jamie Mackie ST 60 9 (2)
12%
Sheffield United 7 John Fleck CM 65 5 (4)
12%
Charlton Athletic 5 Jonatan Johansson ST 147 27 (5)
12%
Wigan Athletic 9 Mario Melchiot RB 97 0 (6)
12%
Charlton Athletic 9 Matt Holland CM 126 11 (4)
12%
Ipswich Town 1 Matt Holland CM 76 6 (2)
12%
Queens Park Rangers 5 Nedum Onuoha CB 62 0 (1)
12%
Blackburn Rovers 7 Ryan Nelsen CB 172 8 (6)
12%
Blackburn Rovers 4 Tugay Kerimoğlu DM 233 10 (10)
12%
Hull City 10 Boaz Myhill GK 55 0 (0)
9%
Bolton Wanderers 6 Bruno N'Gotty CB 147 5 (1)
9%
Wigan Athletic 4 Chris Kirkland GK 131 0 (2)
9%
Blackpool FC 2 David Vaughan DM 35 2 (2)
9%
Bradford City 5 Dean Windass ST 24 3 (1)
9%
Portsmouth FC 5 Dejan Stefanovic CB 112 3 (0)
9%
Middlesbrough FC 8 Emanuel Pogatetz CB 110 4 (7)
9%
Huddersfield Town 9 Florent Hadergjonaj RB 47 0 (1)
9%
Middlesbrough FC 5 Franck Queudrue LB 150 11 (7)
9%
Hull City 7 Geovanni AM 60 11 (1)
9%
Charlton Athletic 8 Hermann Hreidarsson LB 132 4 (6)
9%
Ipswich Town 2 Hermann Hreidarsson LB 74 2 (0)
9%
Blackpool FC 1 Ian Evatt CB 38 1 (3)
9%
Huddersfield Town 5 Jonathan Hogg DM 59 0 (1)
9%
Cardiff City 7 Jordon Mutch CM 35 7 (5)
9%
Portsmouth FC 10 Lomana LuaLua ST 87 19 (3)
9%
Blackburn Rovers 6 Lucas Neill CB 188 5 (6)
9%
Reading FC 2 Marcus Hahnemann GK 76 0 (0)
9%
Ipswich Town 5 Marcus Stewart ST 62 25 (1)
9%
Stoke City 8 Matthew Etherington LM 152 13 (28)
9%
Wigan Athletic 10 Mohamed Diamé CM 96 5 (2)
9%
Reading FC 1 Nicky Shorey LB 90 4 (18)
9%
Wigan Athletic 3 Paul Scharner DM 159 14 (7)
9%
Bradford City 1 Stuart McCall CM 37 1 (0)
9%
Luton Town 6 Teden Mengi CB 30 1 (0)
9%
Wigan Athletic 10 Titus Bramble CB 96 5 (2)
9%
Middlesbrough FC 6 Ugo Ehiogu CB 126 7 (2)
9%
Fulham FC 8 Zat Knight CB 150 3 (3)
9%
Bradford City 3 Benny Carbone CF 31 5 (1)
6%
Sheffield United 10 Ben Osborn CM 61 1 (2)
6%
Huddersfield Town 8 Chris Löwe LB 52 0 (2)
6%
Southampton FC 8 Claus Lundekvam CB 170 1 (2)
6%
Coventry City 8 David Thompson CM 25 3 (1)
6%
Charlton Athletic 3 Dean Kiely GK 177 0 (1)
6%
Reading FC 4 Ívar Ingimarsson CB 73 4 (3)
6%
Ipswich Town 7 John McGreal CB 55 2 (0)
6%
Middlesbrough FC 10 Jonathan Greening CM 99 4 (0)
6%
Birmingham City 3 Kenny Cunningham CB 134 0 (2)
6%
Reading FC 9 Leroy Lita ST 47 8 (3)
6%
Birmingham City 6 Liam Ridgewell CB 102 8 (5)
6%
Portsmouth FC 4 Linvoy Primus CB 113 3 (0)
6%
Blackpool FC 8 Luke Varney ST 30 5 (2)
6%
Ipswich Town 8 Mark Venus CB 54 4 (2)
6%
Coventry City 7 Mustapha Hadji AM 29 6 (1)
6%
Blackpool FC 4 Neal Eardley RB 31 1 (0)
6%
Charlton Athletic 7 Paul Konchesky LB 136 5 (7)
6%
Cardiff City 10 Peter Whittingham CM 32 3 (5)
6%
Charlton Athletic 2 Radostin Kishishev DM 178 2 (3)
6%
Birmingham City 8 Stan Lazaridis LM 97 4 (8)
6%
Blackpool FC 4 Stephen Crainey LB 31 0 (0)
6%
Middlesbrough FC 7 Szilárd Németh CF 116 23 (7)
6%
Huddersfield Town 10 Terence Kongolo CB 45 1 (1)
6%
Bradford City 10 Andy Myers LB 20 1 (0)
3%
Norwich City 8 Anthony Pilkington LW 75 14 (5)
3%
Charlton Athletic 4 Chris Powell LB 149 1 (1)
3%
Derby County 2 Chris Riggott CB 67 3 (0)
3%
Derby County 4 Darryl Powell CB 51 2 (0)
3%
Reading FC 9 Dave Kitson ST 47 12 (4)
3%
Derby County 5 Deon Burton ST 49 6 (2)
3%
Coventry City 4 Gary Breen CB 31 1 (2)
3%
Derby County 6 Giorgi Kinkladze AM 48 2 (3)
3%
Reading FC 7 Graeme Murty RB 51 0 (1)
3%
West Bromwich Albion 9 Graham Dorrans CM 121 8 (9)
3%
Reading FC 2 James Harper CM 76 9 (3)
3%
Ipswich Town 3 Jamie Clapham LB 67 4 (1)
3%
Charlton Athletic 6 Jason Euell LW 139 34 (3)
3%
Ipswich Town 6 Jim Magilton RM 57 1 (1)
3%
Charlton Athletic 10 Jonathan Fortune CB 123 5 (1)
3%
Norwich City 4 Jonathan Howson CM 104 8 (6)
3%
Hull City 10 Kamil Zayatte CB 55 3 (2)
3%
Coventry City 10 Marc Edworthy RB 24 1 (0)
3%
Ipswich Town 10 Martijn Reuser AM 50 7 (0)
3%
Hull City 6 Paul McShane CB 74 2 (0)
3%
Coventry City 4 Paul Telfer RB 31 0 (1)
3%
Bradford City 6 Robert Molenaar CB 21 1 (0)
3%
Charlton Athletic 10 Shaun Bartlett ST 123 24 (2)
3%
Birmingham City 10 Stephen Clemence CM 87 4 (1)
3%
Reading FC 5 Stephen Hunt LM 72 9 (11)
3%
Coventry City 2 Youssef Chippo CM 32 0 (0)
3%
Derby County 10 Craig Burley AM 35 2 (1)
0%
Coventry City 2 John Eustace DM 32 2 (2)
0%
Derby County 8 Paul Boertien LB 40 1 (0)
0%
Bradford City 4 Peter Atherton CB 25 0 (0)
0%
Bradford City 6 Robbie Blake CF 21 4 (0)
0%
Bradford City 6 Wayne Jacobs CB 21 2 (0)
0%
No matching quizzes found
Score Distribution
Percent of People with Each Score
Percentile by Number Answered
Your Score History
You have not taken this quiz